000 00496nam a2200193Ia 4500
005 20250508164532.0
008 008 250505s9999 xx 000 0 eng d
020 _a0-415-35504-4
037 _aTextual
040 _aFEDL
_beng
_cFEDL
041 _aeng
_2eng
084 _aB, BAU
_qFEDL
100 _aBlackshaw Tony
_9778367
245 0 _aZygmunt bauman
260 _aLondon, UK
_bRoutledge
_c2007
300 _axiii,170p.
942 _cTEXL
_hB, BAU
999 _c1389651
_d1389651